Primas por fusión (Registro nro. 9008)

Detalles MARC
000 -LEADER
fixed length control field 00308 a2200109 4500
001 - CONTROL NUMBER
control field ART_6806
005 - DATE AND TIME OF LATEST TRANSACTION
control field 20260410161553.0
008 - FIXED-LENGTH DATA ELEMENTS--GENERAL INFORMATION
fixed length control field 260409a
100 1# - MAIN ENTRY--PERSONAL NAME
Personal name Mantovan, Flavio A.
245 10 - TITLE STATEMENT
Title Primas por fusión
773 0# - HOST ITEM ENTRY
Title Profesional & Empresaria
Related parts - Año VIII, Nº 86 (nov. 2006)
Record control number REV70

No hay ítems disponibles.